د ا ء الصد ف (Record no. 87586)
[ view plain ]
| 000 -LEADER | |
|---|---|
| fixed length control field | 01260nam a22002657a 4500 |
| 005 - DATE AND TIME OF LATEST TRANSACTION | |
| control field | 20170418170523.0 |
| 008 - FIXED-LENGTH DATA ELEMENTS--GENERAL INFORMATION | |
| fixed length control field | 140714b xxu||||| |||| 00| 0 Urdu d |
| 010 ## - LCCN (DPL NO) | |
| LC control number | UR-187 B-548189-92 B-665986 |
| 020 ## - INTERNATIONAL STANDARD BOOK NUMBER | |
| Terms of availability | 75.00 |
| 035 ## - SYSTEM CONTROL NUMBER | |
| System control number | U-187 B-548189-92 B-665986 |
| 037 ## - SOURCE OF ACQUISITION | |
| Source of stock number/acquisition | BPPD/Publishers/Venders |
| 037 ## - SOURCE OF ACQUISITION | |
| Source of stock number/acquisition | K.K.Publications(Vend) /Idara Kitab-ul-Shifa(Pub.) |
| 040 ## - CATALOGING SOURCE | |
| Original cataloging agency | DPL |
| Language of cataloging | Urdu |
| 082 ## - DEWEY DECIMAL CLASSIFICATION NUMBER | |
| Classification number | 615.53 |
| 100 ## - MAIN ENTRY--PERSONAL NAME | |
| Personal name | محمد شميم خا ن |
| 245 ## - TITLE STATEMENT | |
| Title | د ا ء الصد ف |
| Statement of responsibility, etc | محمد شميم خا ن |
| 246 ## - VARYING FORM OF TITLE | |
| Title proper/short title | Daussadaf |
| Remainder of title | byMohd. Shamim Khan |
| 260 ## - PUBLICATION, DISTRIBUTION, ETC. (IMPRINT) | |
| Name of publisher, distributor, etc | Idara Kitab-us-Shifa |
| -- | K.K.P.( Vender) |
| Date of publication, distribution, etc | 2011 |
| 260 ## - PUBLICATION, DISTRIBUTION, ETC. (IMPRINT) | |
| Place of publication, distribution, etc | 4806/24,Bharat Ram Road,Dariya Gunj,New Delhi-2 |
| 270 ## - ADDRESS | |
| Address | 2075-مسجد مز ا ر و ا لی کو چہ چیلا ن د ر يا گنج |
| City | نئ دھلی |
| Postal code | 110002 |
| Telephone number | 011-23283494،9312273887 |
| 300 ## - PHYSICAL DESCRIPTION | |
| Extent | 92ص |
| Dimensions | 22Cm (Hb) |
| 942 ## - ADDED ENTRY ELEMENTS (KOHA) | |
| Source of classification or shelving scheme | Dewey Decimal Classification |
| Item type | Urdu Bks |
| Call number suffix | م ح م |
| Classification part | 615.53 |
| Withdrawn status | Lost status | Source of classification or shelving scheme | Damaged status | Not for loan | Collection code | Home library | Current library | Date acquired | Source of acquisition | Cost, normal purchase price | Total Checkouts | Full call number | Barcode | Date last seen | Copy number | Cost, replacement price | Koha item type |
|---|---|---|---|---|---|---|---|---|---|---|---|---|---|---|---|---|---|
| Dewey Decimal Classification | Non-fiction | Ashok Vihar | Ashok Vihar | 18/04/2017 | BPPD/UR/2014-15/AV/16-17/658/KKP/936/7.3.17/8.3.17 | 75.00 | 1 | 615.53 م ح م | B-665986 | 03/02/2023 | 1 | 75.00 | Urdu Bks | ||||
| Dewey Decimal Classification | Non-fiction | Central Library | Central Library | 15/12/2014 | BPPD/UR/2014-15/1.8.14/KKP/1351/12.8.14/2.9.14 | 275.00 | 615.53 م ح م | B-548189 | 15/12/2014 | 1 | 75.00 | Urdu Bks | |||||
| Dewey Decimal Classification | Non-fiction | Mobile Library | Mobile Library | 15/12/2014 | BPPD/UR/2014-15/1.8.14/KKP/1351/12.8.14/2.9.14 | 275.00 | 615.53 م ح م | B-548190 | 15/12/2014 | 1 | 75.00 | Urdu Bks | |||||
| Dewey Decimal Classification | Non-fiction | Patel Nagar | Patel Nagar | 15/12/2014 | BPPD/UR/2014-15/1.8.14/KKP/1351/12.8.14/2.9.14 | 275.00 | 615.53 م ح م | B-548191 | 15/12/2014 | 1 | 75.00 | Urdu Bks | |||||
| Dewey Decimal Classification | Non-fiction | Sarojini Nagar | Sarojini Nagar | 15/12/2014 | BPPD/UR/2014-15/1.8.14/KKP/1351/12.8.14/2.9.14 | 275.00 | 615.53 م ح م | B-548192 | 15/12/2014 | 1 | 75.00 | Urdu Bks |
